000 00248nam a22001097a 4500
999 _c171117
_d171117
082 _a
_b
100 _aVladimi Nabokov
245 _aCollected poems/
_cby Vladimi Nabokov.
260 _aOxford:
_bOxford University,
_c
650 _a
942 _cBK